| 000 | 00549nam a2200133Ia 4500 | ||
|---|---|---|---|
| 008 | 180921t xxu||||| ||||o00| 0 eng d | ||
| 041 | _aeng | ||
| 080 | _aThe Ordinances Of Ceylon 1945 | ||
| 245 | _aordinance No.48 of 1945. L.D.-O. 51/45.M.L.A.-BA. 662. An ordinance To Make Special Provision To Enable The Unofficial Members of The Local Board of Health And Improvement of The Town of Minuwangoda,Whose Term of office Is Due To Expire on The Fifteenth D | ||
| 300 | _a23 cm | ||
| 942 | _cBK | ||
| 999 |
_c50268 _d50268 |
||
| 003 | LK-CoDNM | ||
| 040 |
_aLK-CoDNM _dLK-CoDNM _eLK-CoDNM |
||